000 00807nam a2200229Ia 4500
003 GCL
005 20240530102229.0
008 140319s9999 xx 000 0 ara d
040 _aGCL /
_cGCL
082 0 4 _a949.5
_bج ت
100 1 _aجوزيف نسيم يوسف
245 1 0 _aتاريخ الدولة البيزنطية 284-1453 /
_cجوزيف نسيم يوسف
250 _aط1
260 _aالقاهرة :
_bمؤسسة شباب الجامعة ،
_c1984
300 _a332 ص ؛
_c24سم
490 _aمكتبة التاريخ الوسيط
_v0
650 0 4 _aالعصور الوسطى
650 0 4 _aالامبراطورية البيزنطية
650 0 4 _aالامبراطورية البيزنطية - تاريخ
650 0 4 _aالحملة الصليبية الاولى
942 _2ddc
_cBK
999 _c30753
_d30753